Szczegóły MARC21

WIELKI biznes w rosyjskiej gospodarce i polityce za rządów Putina ; Rosyjska energetyka w przededniu reformy ; Ukraińska metalurgia ....

005 -DATA I CZAS OSTATNIEJ MODYFIKACJI [,]
    • @
    • pole kontrolne
    • 20070315155141.9
040 -Instytucja sporządzająca opis [ , ]
    • a
    • Instytucja, która sporządziła opis (NP)
    • SZCZ U
    • c
    • Instytucja, która sporządziła rekord (NP)
    • SZCZ U
942 -Rodzaj dokumentu [ , ]
    • c
    • Rodzaj dokumentu
    • Książka
245 -Strefa tytułu i oznaczenia odpowiedzialności [0, ]
    • a
    • Tytuł
    • WIELKI biznes w rosyjskiej gospodarce i polityce za rządów Putina ; Rosyjska energetyka w przededniu reformy ; Ukraińska metalurgia .... Find
260 -Strefa adresu wydawniczego [ , ]
    • a
    • Miejsce wydania (P)
    • Warszawa :
    • b
    • Nazwa wydawcy (P)
    • OSW,
    • c
    • Data wydania (P)
    • 2002.
300 -Strefa opisu fizycznego [ , ]
    • a
    • Określenie formy książki i/lub objętość (NP)
    • 84 :
    • c
    • Format (NP)
    • 30 cm.
490 -Strefa serii i książki wielotomowej - forma nie do wyszukiwania [0, ]
    • z
    • Numer rekordu powiązanego
    • 120685
    • a
    • Tytuł (P)
    • (PRACE OSW / Ośrodek Studiów Wschodnich ; Find
    • y
    • Zob. egzemplarze
    • 5
    • v
    • Numeracja (P)
    • Nr 5)
500 -Uwaga ogólna [ , ]
    • a
    • Uwaga ogólna (NP)
    • ISSN 1642-4484
080 -Uniwersalna Klasyfikacja Dziesiętna [ , ]
    • a
    • Symbol klasyfikacji
    • 323(47+57)"1989/..."
080 -Uniwersalna Klasyfikacja Dziesiętna [ , ]
    • a
    • Symbol klasyfikacji
    • :338.22(47+57)"1989/..."
980 -Symbol UKD [ , ]
    • a
    • UKD
    • 323:338.22](47+57)"1989/..."
Status udost. Numer tomu Numer inwentarzowy Sygnatura Powiązanie z serią Lokalizacja Data inwentaryzacji
1Nr 5Tc.1643Tc.16395Tc2005-01-26